| Tag |
First Indicator |
Second Indicator |
Subfields |
| LEADER |
00000cam a2200000Ka 4500 |
| 001 |
in00003515949 |
| 006 |
m o d |
| 007 |
cr bn||||||abp |
| 007 |
cr bn||||||ada |
| 008 |
100519s1993 gw a ob 000 0 eng d |
| 005 |
20260422222518.0 |
| 019 |
|
|
|a 605892216
|
| 020 |
|
|
|a 9783642783203 (electronic bk.)
|
| 020 |
|
|
|a 3642783201 (electronic bk.)
|
| 020 |
|
|
|z 3540568719 (Berlin : acid-free paper)
|
| 020 |
|
|
|z 9783540568711 (Berlin : acid-free paper)
|
| 020 |
|
|
|z 0387568719 (New York : acid-free paper)
|
| 020 |
|
|
|z 9780387568713 (New York : acid-free paper)
|
| 035 |
|
|
|a (OCoLC)623399776
|z (OCoLC)605892216
|
| 040 |
|
|
|a OCLCE
|b eng
|e pn
|c OCLCE
|d OCLCO
|d GW5XE
|d OCLCQ
|d OCLCF
|d GW5XE
|d UtOrBLW
|
| 042 |
|
|
|a dlr
|
| 049 |
|
|
|a TXAM
|
| 050 |
|
4 |
|a RD86.O64
|b C47 1993
|
| 060 |
|
4 |
|a 1993 A-067
|
| 060 |
|
4 |
|a QV 90
|b C557p 1993
|
| 082 |
0 |
4 |
|a 615/.783
|2 20
|
| 084 |
|
|
|a 44.66
|2 bcl
|
| 100 |
1 |
|
|a Chrubasik, Joachim.
|
| 245 |
1 |
0 |
|a Postoperative epidural opioids /
|c J. Chrubasik, S. Chrubasik, L. Mather.
|
| 264 |
|
1 |
|a Berlin ;
|a New York :
|b Springer,
|c [1993]
|
| 264 |
|
4 |
|c ©1993
|
| 300 |
|
|
|a 1 online resource (xii, 119 pages) :
|b illustrations
|
| 336 |
|
|
|a text
|b txt
|2 rdacontent
|
| 337 |
|
|
|a computer
|b c
|2 rdamedia
|
| 338 |
|
|
|a online resource
|b cr
|2 rdacarrier
|
| 504 |
|
|
|a Includes bibliographical references (pages 97-119).
|
| 538 |
|
|
|a Master and use copy. Digital master created according to Benchmark for Faithful Digital Reproductions of Monographs and Serials, Version 1. Digital Library Federation, December 2002.
|u http://purl.oclc.org/DLF/benchrepro0212
|5 MiAaHDL
|
| 583 |
1 |
|
|a digitized
|c 2010
|h HathiTrust Digital Library
|l committed to preserve
|2 pda
|5 MiAaHDL
|
| 520 |
|
|
|a Epidural opioids are widely used in the management of post- operative pain. On the basis of an extensive review of the literature the authors here present their own interpretation of current knowledge of how the distribution and effectiveness of epidurally administered opiods are fundamentally determined. They conclude that all opioids that are currently being used to treat postoperative epidural pain carry the potential risk of severe side effects if the dose regimens are not tailored to the patient`s individual analgesic need. This book will serve to stimulate new ideas among pain specialistst.
|
| 588 |
|
|
|a Description based on print version record.
|
| 500 |
|
|
|a Electronic resource.
|
| 650 |
|
0 |
|a Opioids
|x Physiological effect.
|
| 650 |
|
0 |
|a Peridural anesthesia.
|
| 650 |
|
0 |
|a Postoperative pain
|x Chemotherapy.
|
| 650 |
1 |
2 |
|a Narcotics
|x therapeutic use.
|
| 650 |
2 |
2 |
|a Anesthesia, Epidural.
|
| 650 |
2 |
2 |
|a Pain, Postoperative
|x drug therapy.
|
| 650 |
1 |
7 |
|a Epidurale toediening.
|2 gtt
|
| 650 |
1 |
7 |
|a Analgetica.
|2 gtt
|
| 650 |
0 |
7 |
|a Analgesie.
|2 swd
|
| 650 |
0 |
7 |
|a Opiate.
|2 swd
|
| 650 |
0 |
7 |
|a Postoperative Phase.
|2 swd
|
| 650 |
0 |
7 |
|a Epiduralanästhesie.
|2 swd
|
| 650 |
|
7 |
|a Opioids
|x Physiological effect.
|2 fast
|0 (OCoLC)fst01046545
|
| 650 |
|
7 |
|a Peridural anesthesia.
|2 fast
|0 (OCoLC)fst01058015
|
| 650 |
|
7 |
|a Postoperative pain
|x Chemotherapy.
|2 fast
|0 (OCoLC)fst01073205
|
| 655 |
|
7 |
|a Electronic books.
|2 local
|
| 700 |
1 |
|
|a Chrubasik, Sigrun.
|
| 700 |
1 |
|
|a Mather, L.
|q (Laurence)
|
| 710 |
2 |
|
|a SpringerLink (Online service)
|
| 776 |
1 |
8 |
|i Print version:
|a Chrubasik, Joachim.
|t Postoperative epidural opioids.
|d Berlin ; New York : Springer, ©1993
|w (DLC) 93025591
|w (OCoLC)28375986
|
| 856 |
4 |
0 |
|u http://proxy.library.tamu.edu/login?url=https://link.springer.com/10.1007/978-3-642-78320-3
|z Connect to the full text of this electronic book
|t 0
|
| 994 |
|
|
|a 92
|b TXA
|
| 999 |
|
|
|a MARS
|
| 999 |
f |
f |
|s 6243ad8e-e91f-399b-ad8b-85071be486ef
|i e7a7b721-ef7b-32ef-8b89-ce252e955bc0
|t 0
|
| 952 |
f |
f |
|a Texas A&M University
|b College Station
|c Electronic Resources
|s www_evans
|d Available Online
|t 0
|e RD86.O64 C47 1993
|h Library of Congress classification
|
| 998 |
f |
f |
|a RD86.O64 C47 1993
|t 0
|l Available Online
|